| 000 | 01112cad a22002295a 4500 | ||
|---|---|---|---|
| 001 | E149705 | ||
| 008 | 100413s2010 xxk o f 000 0 eng d | ||
| 035 | _a(Sirsi) u149705 | ||
| 041 | 0 | _aeng | |
| 050 | 0 | 4 | _a333.33 $2 18 |
| 110 | 2 |
_aSavills _92020 |
|
| 245 | 0 | 0 |
_aSpotlight on... Scottish residential property market _bSpring 2010 _h[electronic resource] |
| 260 |
_a[S.l.] _bSavills _c2010 |
||
| 490 | 0 |
_aSavills Spotlight on Scottish Residential Property Market _vSpring 2010 |
|
| 520 | _aSuggests that the prime market has now stabilised, with values increasing by 3% towards the end of 2009. This trend is expected to continue, with annual increases of 9% possible by 2012. The average property price in Scotland now stands at £140 352, according to figures produced by Nationwide. | ||
| 521 | _aAdvanced | ||
| 590 | _aKA NTK | ||
| 651 | 4 |
_aScotland _y1999- |
|
| 690 | _aPROPERTY-RESIDENTIAL PROPERTY-RESIDENTIAL PROPERTY MARKET | ||
| 856 | 4 | 0 |
_uhttps://www.savills.co.uk/research/Report.aspx?nodeID=11234# _zView the report free of charge (requires registration) at www.savills.co.uk... |
| 942 | _n0 | ||
| 999 |
_c110606 _d110606 |
||